The Indian Journal Of Industrial Relations (Record no. 41546)

MARC details
000 -LEADER
fixed length control field 00333nam a22001337a 4500
008 - FIXED-LENGTH DATA ELEMENTS--GENERAL INFORMATION
fixed length control field 240928b |||||||| |||| 00| 0 eng d
022 ## - INTERNATIONAL STANDARD SERIAL NUMBER
International Standard Serial Number 00195286
041 ## - LANGUAGE CODE
Language code of text/sound track or separate title Eng
245 ## - TITLE STATEMENT
Title The Indian Journal Of Industrial Relations
260 ## - PUBLICATION, DISTRIBUTION, ETC.
Place of publication, distribution, etc. Dehli
Name of publisher, distributor, etc. Shri Ram Centre
Date of publication, distribution, etc. 2024
300 ## - PHYSICAL DESCRIPTION
Extent 174p
856 ## - ELECTRONIC LOCATION AND ACCESS
Uniform Resource Identifier <a href="www.irhrjournal.com">www.irhrjournal.com</a>
942 ## - ADDED ENTRY ELEMENTS (KOHA)
Koha item type Serial
Holdings
Withdrawn status Lost status Source of classification or shelving scheme Damaged status Not for loan Home library Current library Date acquired Serial Enumeration / chronology Barcode Date last seen Price effective from Koha item type Total Checkouts
    Dewey Decimal Classification     IMTN IMTN 09/28/2024 Vol. 60, No. 1 P38 09/28/2024 09/28/2024 Serial  
    Dewey Decimal Classification     IMTN IMTN 09/29/2024 Vol. 59, No. 3 P39 09/29/2024 09/29/2024 Serial  
    Dewey Decimal Classification     IMTN IMTN 09/29/2024 Vol. 59, No. 4 P40 09/29/2024 09/29/2024 Serial  
    Dewey Decimal Classification     IMTN IMTN 04/26/2025 Vol. 60, No. 2 P 156 04/26/2025 04/26/2025 Serial  
    Dewey Decimal Classification     IMTN IMTN 12/04/2025 Vol. 60, No. 3 P1072 12/04/2025 12/04/2025 Serial  
    Dewey Decimal Classification     IMTN IMTN 12/04/2025 Vol. 60, No. 4 P1073 12/04/2025 12/04/2025 Serial  
Designed & Maintained by: LRC IMT Nagpur Contact: lrc@imtnag.ac.in© 2024. All Rights Reserved.